000 00729nam a2200229Ii 4500
003 JO-AjNU
008 230605s9999||||xx |||||||||||||| ||und||
017 _a2016/8/3666
020 _a978-9957-8721-6-8
040 _aJO-AjNU
_bara
_erda
_cJO-AjNU
041 _aara
050 1 4 _aHD30.15.S833 2017
100 3 _aالصبيحات، إبراهيم بدر,
_eauthor
_958483
245 0 0 _aمعجم علم الإدارة
250 _aط1
264 3 1 _aعمان: دار الرنيم للطباعة والنشر، 2017
300 _a831ص
336 _atext
_btxt
_2rdacontent
337 _aunmediated
_bn
_2rdamedia
338 _avolume
_bnc
_2rdacarrier
650 4 _aالإدارة - الإدارة التنفيذية
_958484
999 _aA26265
_c29833
_d29833